| 000 | 01421cam a2200385Ma 4500 | ||
|---|---|---|---|
| 999 |
_c4951 _d4951 |
||
| 001 | ocn440111644 | ||
| 003 | OCoLC | ||
| 005 | 20200109163141.0 | ||
| 008 | 090831s2010 enk 000 0 eng | ||
| 015 |
_a015-37565 _2bnb |
||
| 015 |
_aGBA992086 _2bnb |
||
| 016 | 7 |
_a015375659 _2Uk |
|
| 020 |
_a9780007241972 _q(pbk.) |
||
| 020 |
_a0007241976 _q(pbk.) |
||
| 035 |
_a(OCoLC)440111644 _z(OCoLC)690877857 |
||
| 040 |
_aUKM _beng _cTZ-ArACH |
||
| 043 | _af-ke--- | ||
| 049 | _aTZAA | ||
| 050 | 4 |
_aJQ2947 _b.W76 |
|
| 082 | 0 | 4 |
_a364.1323092 _222 |
| 100 | 1 |
_aWrong, Michela, _d1961- |
|
| 245 | 1 | 0 |
_aIt's our turn to eat / _cby Michela Wrong. |
| 260 |
_aLondon : _bFourth Estate, _c2010. |
||
| 300 |
_axiv; 354 _c20cm. |
||
| 520 | 8 | _aWhen Michela Wrong's Kenyan friend John Githongo appeared one morning on the doorstep of her London flat, it was clear something had gone very wrong in a country regarded until then as one of Africa's few budding success stories. John's tale is the story of how a brave man came to make a lonely decision with huge ramifications. | |
| 600 | 1 | 0 |
_aGithongo, John, _d1965- |
| 600 | 1 | 7 |
_aGithongo, John, _d1965- _2fast |
| 648 | 7 |
_aSince 2002 _2fast |
|
| 650 | 0 |
_aPolitical corruption _zKenya. |
|
| 650 | 7 |
_aPolitical corruption. _2fast |
|
| 650 | 7 |
_aPolitics and government. _2fast |
|
| 651 | 0 |
_aKenya _xPolitics and government _y2002- |
|
| 651 | 7 |
_aKenya. _2fast |
|
| 942 |
_2lcc _cBOOK |
||